00841nam a22002057a 4500999001900000005001700019010001300036020001400049035001200063037001600075082001600091100003100107245011000138246006900248260005400317270007400371300002200445942003100467952013700498 c187901d18790120220505103956.0 aUR-11535 c200.00a- aU-10090 bDBAD/PUBa- a841.082Ist a ر ضو ا نہ کبير  aشہز ا د ہ معظم جھا شا ہ جیع کی شا عر یcر ضو ا نہ کبير hا ر د و  bShahzada Mouzam Jha Shajee Ki Shairee (Urdu)aby Rizwana Kabeer  aDelhi bEducational Publishing House c2018 ء  a3191,Vakil Street, Kucha Pandit Lal Kuan bDelhie110006k23214465l- a127 صc22 Cm(Hb) 2ddccURh841.08mر ض و  001040718NFICaDBADbLd2022-05-05eDBAD/PUBg200.00l0o841.08 ر ض وpU-10090r2022-05-05 00:00:00t1v200.00w2022-05-05yUR